Statystyki dla Quiz o Chinach

Kliknij tutaj aby rozwiązać quiz!

Ogólne statystyki

  • Ten quiz został rozwiązany 3 728 razy
  • Średni wynik to 13 z 28

Statystyki odpowiedzi

WskazówkaOdpowiedź% Poprawnych
Jakie miasto jest stolicą Chin?Pekin
99%
Najczęściej używane języki w ChinachMandaryński
78%
Jak brzmi pełna oficjalna nazwa Chin w języku polskim?Chińska {Republika}
{Ludowa}
77%
Jak nazywa się najbardziej zaludnione miasto w Chinach?Szanghaj
75%
Która dawna kolonia brytyjska została zwrócona Chinom w 1997 roku?Hongkong
73%
Jakie mityczne zwierzę reprezentuje Chiny?Smok
67%
Jakie są dwie najdłuższe rzeki w Chinach?Jangcy
58%
Jakie państwo zostało przyłączone do Chin w 1950 roku?Tybet
57%
Jaka jest nawiększa pustynia w Chinach?Gobi
56%
Jak nazywa się najwyższa góra w granicach Chin?Mount Everest
56%
Kto był pierwszym przywódcą komunistycznych Chin?Mao Zedong
49%
Jak nazywa się narodowe zwierzę Chin?Panda wielka
49%
Jakie są Cztery Wielkie Wynalazki starożytnych Chin?Papier
47%
Jakie są dwie najdłuższe rzeki w Chinach?Huang He
43%
Która dawna kolonia portugalska wróciła do Chin w 1999 roku?Makau
43%
Jakie są Cztery Wielkie Wynalazki starożytnych Chin?Proch
43%
Najczęściej używane języki w ChinachWu / Szanghajski
42%
Kto był najbardziej wpływowym filozofem w starożytnych Chinach?Konfucjusz
34%
Jak nazywa się miejsce, gdzie niegdyś żył cesarz chiński?{Zakazane} Miasto
32%
Jak nazywa się waluta Chin?Renminbi
31%
Najczęściej używane języki w ChinachYue / Kantoński
31%
Jaka jest nieformalna nazwa północno-wschodniej części Chin?Mandżuria
28%
Jaki plac był miejscem protestów demokracyjnych i krwawej rzezi w 1989 rokuPlac {Niebiańskiego}
{Spokoju}
27%
W skład zodiaku chińskiego wchodzi 12 zwierząt. Które jest pierwsze?Szczur
25%
Jaka religia / tradycja filozoficzna jest oparta na naukach Laoziego?Taoizm
23%
Jakie są Cztery Wielkie Wynalazki starożytnych Chin?Druk
16%
Jak nazywa się największa wyspa należąca do Chin?Hajnan
14%
Jakie są Cztery Wielkie Wynalazki starożytnych Chin?Kompas
14%

Rozkład punktacji

Percentyl według liczby udzielonych odpowiedzi

Procent ludzi z każdym wynikiem

Twoja historia wyników

Nie rozwiązałeś tego quizu